[Event "SRB-chT2 East CS"]
[Site "Serbia"]
[Date "2011.10.14"]
[Round "8.46"]
[White "Ignjatovic, Miroslav K"]
[Black "Vukas, Radenko"]
[Result "1/2-1/2"]
[WhiteElo "2156"]
[BlackElo "2170"]
[PlyCount "26"]
[EventDate "2011.09.11"]
[EventType "team"]
[EventRounds "11"]
[EventCountry "SRB"]
[SourceTitle "EXT 2015"]
[Source "ChessBase"]
[SourceDate "2014.11.20"]
[SourceVersion "1"]
[SourceVersionDate "2014.11.20"]
[SourceQuality "1"]

1. d4 Nf6 2. c4 c6 3. Nc3 d5 4. cxd5 cxd5 5. Bf4 Bd7 6. Qb3 Bc6 7. Nf3 Nbd7 8. e3 e6 9. Rc1 Be7 10. h3 Qa5 11. Bd3 Nh5 12. Bh2 f5 13. 0-0 0-0 1/2-1/2